Größte Städte Deutschlands an der Donau - Statistiken

Allgemein
  • Dieses Quiz wurde 223 mal gespielt
  • Das Durchschnittsergebnis liegt bei 9 aus 20
Antwortstatistiken
Einwohner Kreis Stadt % Korrekt
52.803 kreisfrei Passau
93%
153.094 kreisfrei Regensburg
93%
126.790 kreisfrei Ulm
89%
137.392 kreisfrei Ingolstadt
86%
58.978 Neu-Ulm Neu-Ulm
66%
22.118 Schwarzwald-Baar-Kreis Donaueschingen
58%
33,721 Deggendorf Deggendorf
48%
19.590 Donau-Ries Donauwörth
46%
47.791 kreisfrei Straubing
46%
16.842 Kelheim Kelheim
36%
19,149 Dillingen an der Donau Dillingen an der Donau
35%
29.793 Neuburg-Schrobenhausen Neuburg an der Donau
33%
21.028 Günzburg Günzburg
31%
17.125 Sigmaringen Sigmaringen
28%
36.102 Tuttlingen Tuttlingen
26%
26.293 Alb-Donau-Kreis Ehingen (Donau)
22%
16.758 Passau Vilshofen an der Donau
20%
14.604 Kelheim Neustadt an der Donau
17%
13.684 Alb-Donau-Kreis Erbach
7%
12.430 Kelheim Bad Abbach
5%
Keine übereinstimmenden Quizze gefunden
Verteilung der Resultate
Anzahl Personen mit jedem Resultat
Perzentil nach korrekt beantworteten Fragen
Ihre Resultats-Entwicklung
Sie haben dieses Quiz noch nicht gespielt